000 00548nam a22001937a 4500
003 OSt
005 20170224182010.0
008 170224b xxu||||| |||| 00| 0 eng d
020 _a1584888849
040 _cDDC.
082 _a530.120151 ALE 2008.
100 _aD'Alessandro,Domenico;
_911669
245 _aintroduction to quantum control and Dynamics:
260 _aLondon.
_bChapman and Hall.
_c2008.
300 _aix,343p;
_bill;
_c25cm.
504 _aincludes Appendix,references and index.
650 _aPhyics.
_911670
942 _2ddc
_cO_SHELF
999 _c5587
_d5587